000 00822nam a2200277 a 4500
003 AR-BaBNM
005 20251128205234.0
008 082120s2002 ||||||||||||||000 | spa||
040 _cAR-BaBNM
100 1 _aLumsdaine, Arthur A.
245 0 0 _aInstrucción programada y máquinas de enseñar
260 _aBuenos Aires
_bHumanitas
_c1965
300 _a231 p.
_bil., diagr.
490 0 _aGuidance
_vv. 3
504 _aContiene bibliografía en notas a pie de página
600 0 4 _aSocrates
650 4 _aENSEÑANZA PROGRAMADA
650 4 _aMAQUINAS DE ENSEÑAR
650 4 _aMETODOS DE ENSEÑANZA
650 4 _aTECNICAS DE ENSEÑANZA
653 _aPROCESO DE ENSEÑANZA-APRENDIZAJE
700 1 _aMacaya, Enrique
_etraductor
700 1 _aVillaverde, Aníbal
_eprologuista
942 _cBK
998 _csilvi
999 _c10547
_d10547